[Event "Loire Top 1516"]
[Site "Loire"]
[Date "2016.01.23"]
[Round "4.6"]
[White "Andre, Gregory"]
[Black "Aumont Mathieu, Georges"]
[Result "1/2-1/2"]
[WhiteElo "1775"]
[BlackElo "1712"]
[PlyCount "36"]
[EventDate "2015.10.10"]
[EventType "swiss"]
[EventRounds "7"]
[EventCountry "FRA"]
[SourceTitle "EXT 2024"]
[Source "ChessBase"]
[SourceDate "2023.10.10"]
[SourceVersion "1"]
[SourceVersionDate "2023.10.10"]
[SourceQuality "1"]

1. Nf3 Nf6 2. c4 e6 3. g3 b6 4. Bg2 Bb7 5. 0-0 Be7 6. d4 0-0 7. Nbd2 c5 8. e3 Na6 9. a3 Nc7 10. b3 d6 11. Qc2 Nd7 12. Ng5 Bxg5 13. Bxb7 Rb8 14. Bg2 Bf6 15. Bb2 d5 16. Rac1 Qe7 17. e4 dxe4 18. Nxe4 Bxd4 1/2-1/2

[Event "Loire Top 1516"]
[Site "Loire"]
[Date "2015.10.10"]
[Round "1.5"]
[White "Aumont Mathieu, Georges"]
[Black "Frey, Thierry"]
[Result "0-1"]
[WhiteElo "1712"]
[BlackElo "1862"]
[PlyCount "56"]
[EventDate "2015.10.10"]
[EventType "swiss"]
[EventRounds "7"]
[EventCountry "FRA"]
[SourceTitle "EXT 2024"]
[Source "ChessBase"]
[SourceDate "2023.10.10"]
[SourceVersion "1"]
[SourceVersionDate "2023.10.10"]
[SourceQuality "1"]

1. e4 c5 2. c3 e6 3. d4 d5 4. Bd3 cxd4 5. cxd4 a6 6. Ne2 Nc6 7. Nbc3 Nge7 8. a3 b5 9. b4 Qb6 10. Be3 Ng6 11. exd5 exd5 12. Nxd5 Qd8 13. Ndc3 Bd6 14. Be4 Bb7 15. f4 Qe7 16. Qd3 0-0 17. d5 Nce5 18. fxe5 Nxe5 19. Qd4 f5 20. Bc2 Ng4 21. Bf4 Bxf4 22. Qxf4 Ne3 23. Kd2 Nxg2 24. Qd4 Qg5+ 25. Kd1 Ne3+ 26. Kc1 Nxd5+ 27. Kb2 Nxc3 28. Rhg1 Nxe2 0-1

[Event "Loire-ch Top20 1415"]
[Site "Loire"]
[Date "2015.03.28"]
[Round "6"]
[White "Aumont Mathieu, Georges"]
[Black "Cursoux, Gerard"]
[Result "0-1"]
[WhiteElo "1654"]
[BlackElo "1667"]
[PlyCount "46"]
[EventDate "2014.10.04"]
[EventType "swiss"]
[EventRounds "7"]
[EventCountry "FRA"]
[SourceTitle "EXT 2016"]
[Source "ChessBase"]
[SourceDate "2015.10.08"]
[SourceVersion "1"]
[SourceVersionDate "2015.10.08"]
[SourceQuality "1"]

1. e4 d6 2. d4 Nf6 3. Nc3 g6 4. Be2 Bg7 5. g4 c6 6. h3 Qc7 7. a3 0-0 8. h4 e5 9. dxe5 dxe5 10. g5 Rd8 11. Bd2 Nfd7 12. Nh3 Nc5 13. Qc1 Bxh3 14. Rxh3 Ne6 15. Bg4 Nd4 16. Ne2 Nd7 17. Nxd4 exd4 18. f4 Re8 19. Bf3 Nc5 20. e5 Rad8 21. Kf2 d3 22. b4 Qd7 23. Be3 Qxh3 0-1

[Event "Loire-ch Top20 1011"]
[Site "Loire"]
[Date "2011.03.12"]
[Round "6"]
[White "Aumont Mathieu, Georges"]
[Black "Cursoux, Gerard"]
[Result "1/2-1/2"]
[WhiteElo "1800"]
[BlackElo "1990"]
[PlyCount "93"]
[EventDate "2010.10.09"]
[EventType "swiss"]
[EventRounds "7"]
[EventCountry "FRA"]
[SourceTitle "EXT 2012"]
[Source "ChessBase"]
[SourceDate "2011.11.24"]
[SourceVersion "1"]
[SourceVersionDate "2011.11.24"]
[SourceQuality "1"]

1. e4 c5 2. c3 d5 3. exd5 Qxd5 4. d4 Nc6 5. Nf3 cxd4 6. cxd4 e5 7. dxe5 Qxd1+ 8. Kxd1 Bg4 9. Bf4 Nge7 10. Nbd2 Ng6 11. Bg5 h6 12. Be3 Ngxe5 13. Be2 Nxf3 14. Bxf3 Bxf3+ 15. Nxf3 Be7 16. Ke2 Rd8 17. Rhd1 0-0 18. Rxd8 Rxd8 19. Rd1 Rxd1 20. Kxd1 Bf6 21. Kc2 a6 22. a3 Kf8 23. b4 Ke7 24. Kb3 Kd6 25. a4 b5 26. axb5 axb5 27. Bc5+ Kd5 28. Nd2 Nb8 29. f3 Be5 30. h3 Nd7 31. Bf2 g6 32. Ne4 f5 33. Nc5 Nb8 34. Nd3 Nc6 35. Nxe5 Nxe5 36. Kc3 f4 37. Bd4 Nc6 38. Bg7 h5 39. Bh6 Ke5 40. Bg7+ Kf5 41. Bf8 g5 42. Kd3 g4 43. hxg4+ hxg4 44. Bd6 g3 45. Kc3 Kg5 46. Kd3 Kf5 47. Kc3 1/2-1/2

[Event "Loire-ch Top20 0910"]
[Site "Loire"]
[Date "2009.12.19"]
[Round "3"]
[White "Aumont Mathieu, Georges"]
[Black "Cizeron, Frederic"]
[Result "1/2-1/2"]
[WhiteElo "1840"]
[BlackElo "2107"]
[PlyCount "92"]
[EventDate "2009.12.??"]
[EventType "tourn"]
[EventRounds "7"]
[EventCountry "FRA"]
[SourceTitle "EXT 2011"]
[Source "ChessBase"]
[SourceDate "2010.11.26"]
[SourceVersion "1"]
[SourceVersionDate "2010.11.26"]
[SourceQuality "1"]

1. e4 e6 2. d4 d5 3. Nd2 c5 4. Ngf3 cxd4 5. exd5 Qxd5 6. Bc4 Qd6 7. Qe2 Nf6 8. 0-0 Nc6 9. Re1 Qc7 10. a3 a6 11. Ne4 b5 12. Bd3 Bb7 13. Bd2 Nxe4 14. Bxe4 Bd6 15. c4 bxc4 16. Qxc4 Rc8 17. Rac1 Qb8 18. Qa4 Kd7 19. Nxd4 Qa8 20. Rc2 e5 21. Nf5 g6 22. Nxd6 Kxd6 23. Bb4+ Ke6 24. Qb3+ Kf6 25. f4 Nd4 26. fxe5+ Kg7 27. Rxc8 Qxc8 28. Bxb7 Nxb3 29. Bxc8 Rxc8 30. e6 f6 31. Bc3 Re8 32. e7 Nc5 33. b4 Nd7 34. Re6 a5 35. bxa5 Kf7 36. Rd6 Kxe7 37. Bb4 Kd8 38. a6 Kc7 39. a7 Ra8 40. Re6 Rxa7 41. Bd6+ Kb7 42. Re7 Kc6 43. Bb4 h5 44. Kf2 Kd5 45. Ke3 Rc7 46. h3 g5 1/2-1/2